Dotácie na rekvalifikáciu z prostriedkov EÚ
Rekvalifikácia ako jeden z najdôležitejších nástrojov aktívnej politiky trhu práce. Vzdelávanie a príprava pre trh práce zamestnanca. Poskytnutie dotácie z hľadiska zákona o účtovníctve a postupov účtovania. Ilustračný príklad.
Salvato in:
| Autore principale: | |
|---|---|
| Natura: | Capitolo di libro |
| Lingua: | slovacco |
| Soggetti: | |
| Tags: |
Nessun Tag, puoi essere il primo ad aggiungerne!!
|
MARC
| LEADER | 00000naa$a2200000$$$4500 | ||
|---|---|---|---|
| 001 | 0106661 | ||
| 005 | 20231127095615.7 | ||
| 041 | 0 | |a slo | |
| 044 | |a SK | ||
| 245 | 1 | 0 | |a Dotácie na rekvalifikáciu z prostriedkov EÚ |c Jaroslava Lukačovičová |
| 520 | |a Rekvalifikácia ako jeden z najdôležitejších nástrojov aktívnej politiky trhu práce. Vzdelávanie a príprava pre trh práce zamestnanca. Poskytnutie dotácie z hľadiska zákona o účtovníctve a postupov účtovania. Ilustračný príklad. | ||
| 610 | 2 | 0 | |a účtovníctvo podvojné |
| 610 | 2 | 0 | |a rekvalifikácia |
| 610 | 2 | 0 | |a vzdelávanie |
| 610 | 2 | 0 | |a trh práce |
| 610 | 2 | 0 | |a zdroje finančné |
| 610 | 2 | 0 | |a Európska únia |
| 610 | 2 | 0 | |a postupy účtovné |
| 100 | 1 | |a Lukačovičová, Jaroslava | |